| 000 | 00663nam a2200181 i 4500 | ||
|---|---|---|---|
| 001 | 87292 | ||
| 003 | ES-MaACL | ||
| 005 | 20230906175635.0 | ||
| 007 | t| | ||
| 008 | 041220s1958 sp ||||1| spa d | ||
| 100 | 1 |
_aRomanov, Anastasia, Velikaia Kniagninia. _999265 |
|
| 245 | 1 | 0 |
_aYo, Anastasia, declaro _b: apuntes y documentos de la Gran Duquesa Anastasia de Rusia / _cpublicados por Roland Krug von Nidda ; [traducción de Nieves Morón]. |
| 260 |
_aBarcelona : _bAriel : _bNoguer, _c[1958] |
||
| 300 |
_a291 p., 15 lám. ; _c22 cm. |
||
| 700 | 1 |
_aNidda, Roland Krug von. _985610 |
|
| 700 | 1 |
_aMorón, Nieves. _983640 |
|
| 852 |
_aES-MaACL _jC-14610 _bR.42375 |
||
| 999 |
_c87292 _d87292 |
||